Statistics for Top 10 Australian PL scorers

Click here to take the quiz!

General Stats

  • This quiz has been taken 15 times
  • The average score is 3 of 10

Answer Stats

HintAnswer% Correct
56Cahill
92%
57Kewell
77%
92Viduka
69%
6Jedinak
31%
13Emerton
23%
6Neill
23%
10Aloisi
8%
4Slater
8%
7Lazaridis
0%
2Tiatto
0%

Score Distribution

Percentile by Number Answered

Percent of People with Each Score

Your Score History

You have not taken this quiz